| 000 | 00767nam a22002417a 4500 | ||
|---|---|---|---|
| 003 | BD-DhJNU | ||
| 005 | 20251116071518.0 | ||
| 008 | 251116b |||||||| |||| 00| 0 eng d | ||
| 020 | _a0471490873 | ||
| 020 | _a047149089x | ||
| 040 |
_aBD-DhJNU _bENG _cBD-DhJNU _dBD-DhJNU |
||
| 082 |
_223 _a616.890072 |
||
| 100 | _aBarker, Chris | ||
| 245 |
_aResearch Methods in Clinical Psychology : _bAn Introduction for Students and Practitioners / _cChris Barker, Nancy Pistrang and Robert Elliott |
||
| 250 | _a2nd ed. | ||
| 260 |
_aNew York : _bJohn Wiley & Sons, LTD, _c2002. |
||
| 300 |
_axv, 284 p. : _bill. ; _c24 cm. |
||
| 504 | _aincludes index | ||
| 650 | _aClinical Psychology | ||
| 700 | _aPistrang, Nancy | ||
| 700 | _aElliott, Robert | ||
| 942 |
_2ddc _cBK _n0 |
||
| 999 |
_c2373 _d2373 |
||